[Event "Buenos Aires Faogba 36th"]
[Site "Buenos Aires"]
[Date "2019.11.21"]
[Round "5.6"]
[White "Koch, Juan Enrique"]
[Black "Uncal, Jose"]
[Result "1-0"]
[WhiteElo "2012"]
[BlackElo "1894"]
[PlyCount "76"]
[EventDate "2019.11.07"]
[EventType "swiss"]
[EventRounds "7"]
[EventCountry "ARG"]
[SourceTitle "EXT 2024"]
[Source "ChessBase"]
[SourceDate "2023.10.10"]
[SourceVersion "1"]
[SourceVersionDate "2023.10.10"]
[SourceQuality "1"]

1. Nf3 Nf6 2. c4 e6 3. g3 d5 4. Bg2 c6 5. 0-0 Be7 6. d4 Nbd7 7. Nc3 0-0 8. Nd2 e5 9. cxd5 exd4 10. dxc6 dxc3 11. cxd7 cxb2 12. Bxb2 Bxd7 13. Ne4 Nxe4 14. Bxe4 Bh3 15. Qxd8 Raxd8 16. Rfd1 b6 17. Bd5 Be6 18. Bxe6 fxe6 19. Bd4 Rd7 20. Be3 Rfd8 21. Rxd7 Rxd7 22. Rc1 Kf7 23. Kg2 b5 24. Rc6 a5 25. Ra6 Bd8 26. Kf3 Rb7 27. Bd4 a4 28. h4 Bf6 29. Bxf6 Kxf6 30. Ke3 Rc7 31. Rb6 Rc2 32. Rxb5 Rxa2 33. Ra5 a3 34. g4 Ra1 35. h5 a2 36. f3 h6 37. Ke4 g6 38. hxg6 Kxg6 1-0

[Event "Moron Perez Cup U2200 sf"]
[Site "Moron"]
[Date "2019.08.03"]
[Round "5.6"]
[White "Uncal, Jose"]
[Black "Colque, Alvaro"]
[Result "1/2-1/2"]
[WhiteElo "1895"]
[BlackElo "1297"]
[PlyCount "66"]
[EventDate "2019.07.29"]
[EventType "swiss"]
[EventRounds "6"]
[EventCountry "ARG"]
[SourceTitle "EXT 2024"]
[Source "ChessBase"]
[SourceDate "2023.10.10"]
[SourceVersion "1"]
[SourceVersionDate "2023.10.10"]
[SourceQuality "1"]

1. e4 c5 2. Nf3 g6 3. d4 cxd4 4. Qxd4 Nf6 5. Bc4 Nc6 6. Qd1 Bg7 7. Nc3 e6 8. Bg5 Qb6 9. 0-0 0-0 10. h3 Ne8 11. Qd2 f5 12. Bb3 fxe4 13. Nxe4 d5 14. Nc3 Kh8 15. Rad1 d4 16. Ne4 e5 17. Bh6 Bxh3 18. gxh3 Rxf3 19. Bxg7+ Nxg7 20. Ng5 Rf4 21. Nf7+ Rxf7 22. Bxf7 Rf8 23. Bd5 Ne7 24. Bb3 Nef5 25. Qd3 Nh5 26. Qe4 Qf6 27. Rde1 Nh4 28. Bd5 Re8 29. Qg4 Nf4 30. Be4 h5 31. Qg3 Nf5 32. Bxf5 gxf5 33. Kh2 Rg8 1/2-1/2

[Event "Moron Mayor Cup Challengers 1819"]
[Site "Moron"]
[Date "2019.??.??"]
[Round "2.4"]
[White "Uncal, Jose"]
[Black "Rodriguez Vargas, Sergio"]
[Result "0-1"]
[WhiteElo "2072"]
[BlackElo "1978"]
[PlyCount "74"]
[EventDate "2019.04.01"]
[EventType "tourn"]
[EventRounds "7"]
[EventCountry "ARG"]
[SourceTitle "EXT 2024"]
[Source "ChessBase"]
[SourceDate "2023.10.10"]
[SourceVersion "1"]
[SourceVersionDate "2023.10.10"]
[SourceQuality "1"]

1. e4 e5 2. Nc3 d6 3. f4 exf4 4. Nf3 h6 5. h4 Nc6 6. d4 Bg4 7. Bxf4 Be7 8. Bb5 a6 9. Bxc6+ bxc6 10. g3 Nf6 11. 0-0 0-0 12. Qd2 Nh5 13. Rae1 Qd7 14. Kh2 Bxf3 15. Rxf3 Qg4 16. Ref1 Rab8 17. Nd1 Nxf4 18. Rxf4 Qe6 19. b3 g5 20. d5 Qe5 21. R4f2 gxh4 22. Rg2 Bg5 23. Qd3 cxd5 24. exd5 Rb4 25. c4 f5 26. Nc3 Kh8 27. Ne2 hxg3+ 28. Qxg3 Rbb8 29. Qxe5+ dxe5 30. Rgf2 f4 31. Nc3 Bh4 32. Rf3 Rf5 33. Kh3 Be7 34. Rg1 Rh5+ 35. Kg2 Bc5 36. Rd1 Rg8+ 37. Kf1 Rh2 0-1

[Event "Moron Philidor CC op 17th"]
[Site "Moron"]
[Date "2018.09.15"]
[Round "5"]
[White "Solano, Pablo"]
[Black "Uncal, Jose"]
[Result "0-1"]
[WhiteElo "1918"]
[BlackElo "1938"]
[PlyCount "88"]
[EventDate "2018.09.04"]
[EventType "swiss"]
[EventRounds "6"]
[EventCountry "ARG"]
[SourceTitle "CBM 186 Extra"]
[Source "ChessBase"]
[SourceDate "2018.08.24"]
[SourceVersion "1"]
[SourceVersionDate "2018.08.24"]
[SourceQuality "1"]

1. d4 Nf6 2. Nf3 c5 3. c3 e6 4. g3 Nc6 5. Bg2 Be7 6. 0-0 0-0 7. Re1 d5 8. Ne5 Nxe5 9. dxe5 Nd7 10. e4 dxe4 11. Bxe4 Qc7 12. Bf4 Rd8 13. Qc2 Nf8 14. Na3 Bd7 15. Nc4 Bc6 16. Rad1 Ng6 17. h4 Nxf4 18. Bxh7+ Kh8 19. gxf4 g6 20. Bxg6 Rg8 21. h5 fxg6 22. hxg6 Kg7 23. Nd6 Bxd6 24. exd6 Qd7 25. Re5 Rh8 26. Kf1 Bf3 27. Ke1 Rh1+ 28. Kd2 Rxd1+ 29. Ke3 Qxd6 30. Kxf3 Qd3+ 31. Qxd3 Rxd3+ 32. Ke4 Rd6 33. Rxc5 Kxg6 34. Rc7 Rb6 35. b3 Rd8 36. c4 Rd2 37. c5 Rb4+ 38. Ke5 Rxa2 39. Kxe6 Ra6+ 40. Ke5 Rf6 41. c6 Rb5+ 42. Ke4 Rxc6 43. f5+ Kf6 44. Rh7 Rxb3 0-1

[Event "Moron Philidor CC op 17th"]
[Site "Moron"]
[Date "2018.09.06"]
[Round "2"]
[White "Uncal, Jose"]
[Black "Navarro, Alberto"]
[Result "1-0"]
[WhiteElo "1938"]
[BlackElo "1733"]
[PlyCount "57"]
[EventDate "2018.09.04"]
[EventType "swiss"]
[EventRounds "6"]
[EventCountry "ARG"]
[SourceTitle "CBM 186 Extra"]
[Source "ChessBase"]
[SourceDate "2018.08.24"]
[SourceVersion "1"]
[SourceVersionDate "2018.08.24"]
[SourceQuality "1"]

1. e4 e5 2. Nc3 d6 3. f4 Nf6 4. Bc4 Be7 5. Nf3 Nc6 6. d3 Bd7 7. 0-0 0-0 8. a3 exf4 9. Bxf4 Bg4 10. Qd2 Bxf3 11. Rxf3 Ne5 12. Bxe5 dxe5 13. Raf1 c6 14. Kh1 b5 15. Bb3 a5 16. Ne2 c5 17. Ng3 c4 18. Ba2 g6 19. Qh6 Ng4 20. Qh3 h5 21. Nxh5 Nh6 22. Nf6+ Kg7 23. Nd5 Re8 24. Qg3 f6 25. dxc4 bxc4 26. Rc3 Rb8 27. Rxc4 Rxb2 28. Bb3 Bxa3 29. Qc3 1-0

[Event "Buenos Aires Philidor CC Christmas"]
[Site "Buenos Aires"]
[Date "2017.12.??"]
[Round "5.6"]
[White "Uncal, Jose"]
[Black "Ardiles, Manuel"]
[Result "1/2-1/2"]
[WhiteElo "2020"]
[BlackElo "1912"]
[PlyCount "24"]
[EventDate "2017.12.04"]
[EventType "swiss"]
[EventRounds "6"]
[EventCountry "ARG"]
[SourceTitle "EXT 2024"]
[Source "ChessBase"]
[SourceDate "2023.10.10"]
[SourceVersion "1"]
[SourceVersionDate "2023.10.10"]
[SourceQuality "1"]

1. e4 c5 2. Nf3 Nc6 3. d4 cxd4 4. Nxd4 d6 5. Nc3 Nf6 6. Be2 g6 7. Be3 Bg7 8. 0-0 0-0 9. f3 a6 10. a4 Bd7 11. Qd2 Rc8 12. Nxc6 Bxc6 1/2-1/2

[Event "Moron Philidor CC U2200 15th"]
[Site "Buenos Aires"]
[Date "2017.09.16"]
[Round "4"]
[White "Uncal, Jose"]
[Black "Lo Presti, Roberto"]
[Result "0-1"]
[WhiteElo "2007"]
[BlackElo "1935"]
[PlyCount "110"]
[EventDate "2017.09.12"]
[EventType "swiss"]
[EventRounds "7"]
[EventCountry "ARG"]
[SourceTitle "CBM 180 Extra"]
[Source "ChessBase"]
[SourceDate "2017.10.06"]
[SourceVersion "1"]
[SourceVersionDate "2017.10.06"]
[SourceQuality "1"]

1. e4 e6 2. d4 d5 3. Nd2 c5 4. dxc5 Bxc5 5. Bd3 Nf6 6. e5 Nfd7 7. Ngf3 Nc6 8. Qe2 Qc7 9. Nb3 Be7 10. Bf4 Nb4 11. 0-0 Nxd3 12. cxd3 0-0 13. Rac1 Qd8 14. Rc2 b6 15. d4 a5 16. Rfc1 Ba6 17. Qe3 a4 18. Nbd2 Rc8 19. Rxc8 Bxc8 20. Bg5 Bxg5 21. Nxg5 Nb8 22. Ngf3 Ba6 23. Qc3 Qd7 24. Nb1 Rc8 25. Qd2 Rxc1+ 26. Qxc1 Be2 27. Nbd2 Qc6 28. Qc3 b5 29. a3 Qxc3 30. bxc3 Nc6 31. Ne1 Na5 32. f4 Nb3 33. Nb1 Nc1 34. Kf2 Bh5 35. Ke3 Bg6 36. Nd2 Na2 37. Nd3 Nxc3 38. Nb4 f6 39. g3 Kf8 40. Nc6 h6 41. Na7 Bc2 42. Nc6 Bb3 43. Nb4 Bc4 44. Kf2 Kf7 45. Na6 Kg6 46. Ke1 Bd3 47. Nb4 Be4 48. Kf2 Kf7 49. Na6 Kg6 50. Nc5 Kf5 51. g4+ Kxf4 52. Nxe6+ Kxg4 53. Nxg7 fxe5 54. dxe5 b4 55. e6 bxa3 0-1

[Event "Philidor CC op 14th"]
[Site "Moron"]
[Date "2017.07.22"]
[Round "4"]
[White "Conde, Adrian"]
[Black "Uncal, Jose"]
[Result "1-0"]
[WhiteElo "2104"]
[BlackElo "2020"]
[PlyCount "57"]
[EventDate "2017.07.18"]
[EventType "swiss"]
[EventRounds "7"]
[EventCountry "ARG"]
[SourceTitle "EXT 2019"]
[Source "ChessBase"]
[SourceDate "2018.10.10"]
[SourceVersion "1"]
[SourceVersionDate "2018.10.10"]
[SourceQuality "1"]

1. e4 c5 2. Nf3 Nc6 3. c3 g6 4. d4 cxd4 5. cxd4 d6 6. h3 Bg7 7. Nc3 Nf6 8. Bb5 0-0 9. 0-0 Bd7 10. Qe2 a6 11. Bd3 Qa5 12. d5 Na7 13. a4 Qc7 14. Be3 a5 15. Nd2 b6 16. f4 Bc8 17. Qf2 Nd7 18. Rac1 Nc5 19. Bxc5 bxc5 20. Kh1 Bd7 21. Nc4 Nc8 22. e5 Nb6 23. exd6 exd6 24. Nxb6 Qxb6 25. f5 Bd4 26. Qh4 Qd8 27. f6 Kh8 28. Ne4 Be5 29. Qh6 1-0

[Event "Buenos Aires La Porta Cup-B"]
[Site "Buenos Aires"]
[Date "2017.03.28"]
[Round "6"]
[White "Caballo, Carlos"]
[Black "Uncal, Jose"]
[Result "0-1"]
[WhiteElo "1994"]
[BlackElo "2087"]
[PlyCount "104"]
[EventDate "2017.03.25"]
[EventType "swiss"]
[EventRounds "9"]
[EventCountry "ARG"]
[SourceTitle "EXT 2018"]
[Source "ChessBase"]
[SourceDate "2017.10.13"]
[SourceVersion "1"]
[SourceVersionDate "2017.10.13"]
[SourceQuality "1"]

1. e4 c5 2. Nc3 Nc6 3. g3 g6 4. Bg2 Bg7 5. d3 Nf6 6. f4 d6 7. Nf3 0-0 8. 0-0 a6 9. Nd5 e6 10. Ne3 d5 11. e5 Nd7 12. c3 Qe7 13. c4 d4 14. Ng4 f5 15. exf6 Nxf6 16. Nge5 Nxe5 17. Nxe5 Qc7 18. Re1 Nd7 19. Nf3 e5 20. Ng5 Nb6 21. Bd2 a5 22. Qe2 h6 23. Nf3 Bg4 24. h3 Bxf3 25. Bxf3 Nd7 26. Qe4 Kh7 27. b3 b6 28. h4 Rae8 29. h5 Qd6 30. Qb7 gxh5 31. Bxh5 Re7 32. Qh1 Qf6 33. Re2 Qf5 34. Bf3 Qf6 35. Rae1 Qd6 36. Be4+ Kh8 37. f5 Nf6 38. Bxh6 Bxh6 39. Qxh6+ Rh7 40. Qd2 Rg8 41. Rg2 Rh3 42. Bf3 e4 43. dxe4 Nd7 44. e5 Nxe5 45. Bd5 Rgxg3 46. Rxg3 Rxg3+ 47. Kf1 Ng4 48. Re4 Ne3+ 49. Rxe3 Qf4+ 50. Qf2 Qxf2+ 51. Kxf2 Rxe3 52. f6 Kh7 0-1

[Event "Faogba-chT sup"]
[Site "San Antonio de Padua"]
[Date "2001.09.22"]
[Round "2"]
[White "Oro, Luis"]
[Black "Uncal, Jose"]
[Result "1-0"]
[WhiteElo "2255"]
[BlackElo "2185"]
[PlyCount "105"]
[EventDate "2001.09.15"]
[EventType "team-swiss"]
[EventRounds "5"]
[EventCountry "ARG"]
[SourceTitle "CBM 085 Extra"]
[Source "ChessBase"]
[SourceDate "2002.01.21"]
[SourceVersion "1"]
[SourceVersionDate "2002.01.21"]
[SourceQuality "1"]

1. e4 c5 2. Nc3 Nc6 3. g3 Nf6 4. Bg2 d6 5. d3 g6 6. Bg5 Bg7 7. h3 Be6 8. Nge2 Qa5 9. 0-0 0-0 10. Qd2 Rad8 11. Kh2 Rfe8 12. Rad1 Nd4 13. Nf4 Bd7 14. Nfd5 Nxd5 15. Nxd5 Qxd2 16. Rxd2 Nc6 17. c3 Rc8 18. f4 h6 19. Bh4 f6 20. g4 g5 21. Bg3 Be6 22. f5 Bxd5 23. exd5 Ne5 24. Bf2 Kf7 25. d4 cxd4 26. Bxd4 b6 27. b3 Rc7 28. a4 Nd7 29. c4 a5 30. Rb1 Nc5 31. Bf1 Ra8 32. Ra2 Rca7 33. Be2 Kf8 34. Bd1 Ke8 35. b4 axb4 36. Rxb4 Kd7 37. Re2 Bf8 38. Bc2 Rb7 39. Kg3 Kd8 40. h4 Kc7 41. hxg5 hxg5 42. Rh2 Kb8 43. Rh7 Ka7 44. Rf7 Ka6 45. Rb1 Rc7 46. Bxf6 Kb7 47. Bxg5 Nxa4 48. Bxa4 Rxa4 49. Rxf8 Rcxc4 50. Be3 Rc3 51. Kf3 Raa3 52. Re1 b5 53. g5 1-0

[Event "San Antonio de Padua CEFA IRT 3rd"]
[Site "San Antonio de Padua"]
[Date "2000.10.24"]
[Round "7"]
[White "Sapienza, Julian"]
[Black "Uncal, Jose"]
[Result "1-0"]
[WhiteElo "2186"]
[BlackElo "2179"]
[PlyCount "47"]
[EventDate "2000.10.03"]
[EventType "tourn"]
[EventRounds "9"]
[EventCountry "ARG"]
[SourceTitle "EXT 2005"]
[Source "ChessBase"]
[SourceDate "2004.11.15"]
[SourceVersion "1"]
[SourceVersionDate "2004.11.15"]
[SourceQuality "1"]

1. e4 c5 2. Nf3 Nc6 3. Bb5 Qb6 4. Nc3 e6 5. 0-0 a6 6. Bxc6 Qxc6 7. d4 d6 8. d5 Qc7 9. Re1 e5 10. a4 Nf6 11. Nd2 Be7 12. Nc4 b6 13. f4 Nd7 14. f5 0-0 15. Ra3 Qd8 16. Rb3 Rb8 17. Re3 Bg5 18. Rg3 Bxc1 19. Qxc1 Qe7 20. Qh6 g6 21. Rh3 Nf6 22. g4 g5 23. Qxg5+ Kh8 24. Rxh7+ 1-0

[Event "San Antonio de Padua CEFA IRT 3rd"]
[Site "San Antonio de Padua"]
[Date "2000.10.12"]
[Round "4"]
[White "Palmisano, Juan Antonio"]
[Black "Uncal, Jose"]
[Result "1-0"]
[WhiteElo "2197"]
[BlackElo "2179"]
[PlyCount "89"]
[EventDate "2000.10.03"]
[EventType "tourn"]
[EventRounds "9"]
[EventCountry "ARG"]
[SourceTitle "EXT 2005"]
[Source "ChessBase"]
[SourceDate "2004.11.15"]
[SourceVersion "1"]
[SourceVersionDate "2004.11.15"]
[SourceQuality "1"]

1. d4 Nf6 2. c4 c5 3. d5 e5 4. Nc3 d6 5. e4 Nbd7 6. g3 Be7 7. Bg2 a6 8. a4 b6 9. Nge2 0-0 10. 0-0 Ne8 11. Bh3 Bg5 12. f4 exf4 13. gxf4 Bh6 14. Qe1 g6 15. Kh1 Ng7 16. Qg3 Qe7 17. Bg4 Nf6 18. Bf3 Nfh5 19. Qf2 f5 20. e5 dxe5 21. d6 Qa7 22. fxe5 Bxc1 23. Raxc1 Bb7 24. Nd5 Rae8 25. Nec3 Rxe5 26. Rce1 Ree8 27. Qg2 Kh8 28. Nc7 Rxe1 29. Rxe1 Nf4 30. Qf1 Rd8 31. Rd1 Nge6 32. Nxe6 Nxe6 33. Bd5 Rxd6 34. Qe1 Bxd5+ 35. cxd5 Ng7 36. Qe5 Qd7 37. Re1 h6 38. Qe3 Kh7 39. a5 Qc7 40. axb6 Qxb6 41. Qe5 Qd8 42. Qe7 Qd7 43. Qf8 Qc7 44. Re7 Rd7 45. Qxg7# 1-0